[Event "Karaganda Mayor's Cup"]
[Site "Karaganda"]
[Date "2015.12.03"]
[Round "3"]
[White "Malyi, Viacheslav"]
[Black "Gubaydulin, Talgat"]
[Result "1/2-1/2"]
[WhiteElo "2294"]
[BlackElo "2409"]
[PlyCount "25"]
[EventDate "2015.12.01"]
[EventType "tourn"]
[EventRounds "9"]
[EventCountry "KAZ"]
[SourceTitle "EXT 2018"]
[Source "ChessBase"]
[SourceDate "2017.10.13"]
[SourceVersion "1"]
[SourceVersionDate "2017.10.13"]
[SourceQuality "1"]

1. e4 c5 2. Nf3 d6 3. d4 cxd4 4. Nxd4 Nf6 5. Nc3 g6 6. Be3 Bg7 7. f3 a6 8. Qd2 Nbd7 9. g4 b5 10. 0-0-0 Bb7 11. g5 Nh5 12. Kb1 Qc7 13. Nd5 1/2-1/2

[Event "UZB-ch U20"]
[Site "Tashkent"]
[Date "2011.09.14"]
[Round "9"]
[White "Golubev, Roman"]
[Black "Gubaydulin, Talgat"]
[Result "1/2-1/2"]
[WhiteElo "2156"]
[BlackElo "2273"]
[PlyCount "62"]
[EventDate "2011.09.06"]
[EventType "tourn"]
[EventRounds "13"]
[EventCountry "UZB"]
[SourceTitle "CBM 144 Extra"]
[Source "ChessBase"]
[SourceDate "2011.10.28"]
[SourceVersion "1"]
[SourceVersionDate "2011.10.28"]
[SourceQuality "1"]

1. e4 c5 2. Nf3 e6 3. d4 cxd4 4. Nxd4 Nc6 5. Nb5 d6 6. c4 Nf6 7. N1c3 a6 8. Na3 Be7 9. Be3 Qc7 10. Be2 b6 11. 0-0 Ne5 12. Rc1 Bb7 13. f3 0-0 14. Qd2 Rac8 15. Kh1 Rfe8 16. Rfd1 Ned7 17. Bf1 Qb8 18. Bf4 Ne5 19. Qf2 Bd8 20. b4 Bc7 21. Bxe5 dxe5 22. Na4 Qa7 23. c5 b5 24. Nc3 Bc6 25. Nc2 Red8 26. Rxd8+ Rxd8 27. a4 bxa4 28. Ra1 Qb7 29. Qe2 Ra8 30. Nxa4 Bb5 31. Qf2 a5 1/2-1/2

[Event "UZB-ch U20"]
[Site "Tashkent"]
[Date "2011.09.12"]
[Round "7"]
[White "Khoroshev, Nikita"]
[Black "Gubaydulin, Talgat"]
[Result "1/2-1/2"]
[WhiteElo "2263"]
[BlackElo "2273"]
[PlyCount "35"]
[EventDate "2011.09.06"]
[EventType "tourn"]
[EventRounds "13"]
[EventCountry "UZB"]
[SourceTitle "CBM 144 Extra"]
[Source "ChessBase"]
[SourceDate "2011.10.28"]
[SourceVersion "1"]
[SourceVersionDate "2011.10.28"]
[SourceQuality "1"]

1. d4 Nf6 2. c4 e6 3. Nf3 c5 4. d5 exd5 5. cxd5 d6 6. Nc3 g6 7. Nd2 Nbd7 8. e4 a6 9. a4 Bg7 10. Nc4 Qe7 11. f3 Ne5 12. Nb6 Rb8 13. Be2 0-0 14. 0-0 Ned7 15. Nc4 Ne5 16. Nb6 Ned7 17. Nc4 Ne5 18. Nb6 1/2-1/2

[Event "UZB-ch U20"]
[Site "Tashkent"]
[Date "2011.09.09"]
[Round "4"]
[White "Gubaydulin, Talgat"]
[Black "Jumanov, Elbek"]
[Result "1-0"]
[WhiteElo "2273"]
[BlackElo "1801"]
[PlyCount "51"]
[EventDate "2011.09.06"]
[EventType "tourn"]
[EventRounds "13"]
[EventCountry "UZB"]
[SourceTitle "CBM 144 Extra"]
[Source "ChessBase"]
[SourceDate "2011.10.28"]
[SourceVersion "1"]
[SourceVersionDate "2011.10.28"]
[SourceQuality "1"]

1. d4 Nf6 2. c4 g6 3. Nc3 Bg7 4. e4 d6 5. f4 0-0 6. Nf3 c5 7. Be2 Nc6 8. d5 Na5 9. 0-0 Rb8 10. Qc2 a6 11. Bd2 Bd7 12. e5 Ne8 13. Ne4 b5 14. b3 Bg4 15. Bc3 b4 16. Bb2 Qc7 17. Rae1 Nb7 18. Nf2 Bf5 19. Qd2 a5 20. e6 Bxb2 21. Qxb2 Nf6 22. Ng5 h5 23. exf7+ Kg7 24. Bd3 Nd8 25. Bxf5 gxf5 26. Re3 1-0

[Event "UZB-ch"]
[Site "Tashkent"]
[Date "2011.05.31"]
[Round "11"]
[White "Kvon, Andrey"]
[Black "Gubaydulin, Talgat"]
[Result "1-0"]
[WhiteElo "2459"]
[BlackElo "2301"]
[PlyCount "85"]
[EventDate "2011.05.21"]
[EventType "tourn"]
[EventRounds "11"]
[EventCountry "UZB"]
[EventCategory "5"]
[SourceTitle "CBM 142 Extra"]
[Source "ChessBase"]
[SourceDate "2011.06.27"]
[SourceVersion "1"]
[SourceVersionDate "2011.06.27"]
[SourceQuality "1"]

1. Nf3 d5 2. c4 e6 3. e3 Nf6 4. Nc3 c6 5. Qc2 Nbd7 6. b3 Bd6 7. Bb2 0-0 8. Be2 b6 9. cxd5 cxd5 10. Nb5 Bc5 11. a3 a6 12. Nbd4 Bb7 13. b4 Bd6 14. 0-0 Rc8 15. Qd1 e5 16. Nf5 Bb8 17. d3 g6 18. Ng3 Qe7 19. Qd2 Ne8 20. Rfc1 Ng7 21. Rxc8 Rxc8 22. Rc1 Rd8 23. Bd1 Ne6 24. Bb3 Ng5 25. Nxg5 Qxg5 26. Rf1 Qe7 27. f4 Kg7 28. Qf2 Rf8 29. Ne2 f6 30. Qf3 Qd6 31. Nc3 Rc8 32. Nxd5 exf4 33. Nxf6 Bxf3 34. Ne8+ Kh6 35. Nxd6 Bxd6 36. Rxf3 g5 37. exf4 Bxf4 38. Bf7 Be5 39. d4 Bd6 40. Be6 Rd8 41. d5 Be5 42. Bc1 Bf6 43. Bxd7 1-0

[Event "UZB-ch"]
[Site "Tashkent"]
[Date "2011.05.26"]
[Round "6"]
[White "Gubaydulin, Talgat"]
[Black "Kasyan, Aleksandr"]
[Result "1/2-1/2"]
[WhiteElo "2301"]
[BlackElo "2340"]
[PlyCount "63"]
[EventDate "2011.05.21"]
[EventType "tourn"]
[EventRounds "11"]
[EventCountry "UZB"]
[EventCategory "5"]
[SourceTitle "CBM 142 Extra"]
[Source "ChessBase"]
[SourceDate "2011.06.27"]
[SourceVersion "1"]
[SourceVersionDate "2011.06.27"]
[SourceQuality "1"]

1. d4 Nf6 2. c4 e6 3. Nf3 Bb4+ 4. Nbd2 0-0 5. a3 Be7 6. e3 c5 7. dxc5 a5 8. Bd3 Na6 9. b3 Nxc5 10. Bc2 b6 11. Bb2 d5 12. 0-0 Bb7 13. Qe2 dxc4 14. Nxc4 Ba6 15. a4 Nd5 16. Rfd1 Qc7 17. Nd4 Bf6 18. Rac1 g6 19. e4 Nf4 20. Qf3 Bxc4 21. bxc4 e5 22. Nb5 Qe7 23. Rd6 Rab8 24. Rcd1 Bg7 25. Ba3 Nfe6 26. R6d5 Rfd8 27. Bb2 Nf4 28. Rd6 Rxd6 29. Rxd6 Rd8 30. Qd1 Rxd6 31. Qxd6 Qxd6 32. Nxd6 1/2-1/2

[Event "UZB-ch"]
[Site "Tashkent"]
[Date "2011.05.23"]
[Round "3"]
[White "Kholmirzaev, Bakhodir"]
[Black "Gubaydulin, Talgat"]
[Result "1-0"]
[WhiteElo "2377"]
[BlackElo "2301"]
[PlyCount "63"]
[EventDate "2011.05.21"]
[EventType "tourn"]
[EventRounds "11"]
[EventCountry "UZB"]
[EventCategory "5"]
[SourceTitle "CBM 142 Extra"]
[Source "ChessBase"]
[SourceDate "2011.06.27"]
[SourceVersion "1"]
[SourceVersionDate "2011.06.27"]
[SourceQuality "1"]

1. e4 c5 2. b3 Nf6 3. e5 Nd5 4. Nc3 Nxc3 5. dxc3 Nc6 6. f4 d6 7. exd6 exd6 8. Nf3 Be7 9. Bc4 Bf6 10. Bb2 0-0 11. 0-0 Be6 12. Bxe6 fxe6 13. Re1 Qd7 14. Qd2 Rad8 15. Rad1 Rfe8 16. Qf2 Qc7 17. Ng5 Bxg5 18. fxg5 Qe7 19. Qh4 d5 20. Rd3 e5 21. Rh3 g6 22. Rf1 e4 23. Rf6 e3 24. Re6 Qxe6 25. Qxh7+ Kf8 26. Rf3+ Qf5 27. Rxf5+ gxf5 28. g6 Rd7 29. Qxd7 Re7 30. Qxf5+ Kg7 31. Kf1 e2+ 32. Ke1 1-0

[Event "UZB-ch U20"]
[Site "Tashkent"]
[Date "2010.09.11"]
[Round "7"]
[White "Artemenko, Oleg"]
[Black "Gubaydulin, Talgat"]
[Result "1/2-1/2"]
[WhiteElo "2148"]
[BlackElo "2273"]
[PlyCount "59"]
[EventDate "2010.09.05"]
[EventType "tourn"]
[EventRounds "13"]
[EventCountry "UZB"]
[SourceTitle "CBM 138 Extra"]
[Source "ChessBase"]
[SourceDate "2010.10.29"]
[SourceVersion "1"]
[SourceVersionDate "2010.10.29"]
[SourceQuality "1"]

1. Nf3 c5 2. c4 Nc6 3. d4 cxd4 4. Nxd4 Nf6 5. Nc3 e6 6. Ndb5 d5 7. Bf4 d4 8. Nc7+ Ke7 9. N3b5 Rb8 10. e3 g5 11. Bd6+ Kd7 12. Be5 Bb4+ 13. Ke2 Nxe5 14. Qxd4+ Ke7 15. Qxe5 Qd2+ 16. Kf3 g4+ 17. Kg3 a6 18. a3 Bd6 19. Nxd6 Qxd6 20. Nd5+ Nxd5 21. Qxd6+ Kxd6 22. cxd5 exd5 23. Be2 Ke5 24. f3 gxf3 25. Bxf3 Bf5 26. Rad1 Rhg8+ 27. Kf2 Be4 28. Rd2 f5 29. Rhd1 Rbd8 30. g3 1/2-1/2

[Event "UZB-ch U20"]
[Site "Tashkent"]
[Date "2010.09.10"]
[Round "6"]
[White "Gubaydulin, Talgat"]
[Black "Khoroshev, Nikita"]
[Result "1/2-1/2"]
[WhiteElo "2273"]
[BlackElo "2206"]
[PlyCount "63"]
[EventDate "2010.09.05"]
[EventType "tourn"]
[EventRounds "13"]
[EventCountry "UZB"]
[SourceTitle "CBM 138 Extra"]
[Source "ChessBase"]
[SourceDate "2010.10.29"]
[SourceVersion "1"]
[SourceVersionDate "2010.10.29"]
[SourceQuality "1"]

1. d4 Nf6 2. c4 e6 3. Nf3 b6 4. g3 Bb7 5. Bg2 Bb4+ 6. Bd2 Be7 7. Nc3 d5 8. cxd5 exd5 9. Qa4+ Bc6 10. Qc2 0-0 11. 0-0 Bb7 12. Ne5 Na6 13. Rfd1 c5 14. dxc5 Nxc5 15. Bg5 Qc7 16. Bxf6 Bxf6 17. Ng4 Bxc3 18. Qxc3 Qe7 19. Ne3 Rad8 20. Rac1 Rfe8 21. b4 Ne4 22. Qd4 Nf6 23. Rd2 Rc8 24. Rxc8 Rxc8 25. Qb2 Qe6 26. Rc2 h6 27. Rxc8+ Qxc8 28. h3 Qd7 29. Qd4 Qd6 30. a4 Qe6 31. a5 Ba6 32. axb6 1/2-1/2

[Event "UZB-ch U20"]
[Site "Tashkent"]
[Date "2010.09.09"]
[Round "5"]
[White "Tillyaev, Ulugbek"]
[Black "Gubaydulin, Talgat"]
[Result "0-1"]
[WhiteElo "2172"]
[BlackElo "2273"]
[PlyCount "82"]
[EventDate "2010.09.05"]
[EventType "tourn"]
[EventRounds "13"]
[EventCountry "UZB"]
[SourceTitle "CBM 138 Extra"]
[Source "ChessBase"]
[SourceDate "2010.10.29"]
[SourceVersion "1"]
[SourceVersionDate "2010.10.29"]
[SourceQuality "1"]

1. e4 c5 2. Nf3 e6 3. d4 cxd4 4. Nxd4 a6 5. c4 Nf6 6. Nc3 Qc7 7. Be2 Bb4 8. f3 Nc6 9. Nb3 b6 10. 0-0 Be7 11. Be3 d6 12. Rc1 Ne5 13. g4 h6 14. Nd4 g5 15. b4 h5 16. gxh5 Nxh5 17. Nb3 Nf4 18. Na4 Rb8 19. Bxf4 gxf4 20. Rf2 Bd7 21. Nb2 a5 22. a3 Qa7 23. Nd4 axb4 24. axb4 Qa3 25. Qb3 Qxb3 26. Nxb3 Ra8 27. Bd1 Bf6 28. Rd2 Ke7 29. c5 dxc5 30. bxc5 bxc5 31. Nxc5 Bb5 32. Nb7 Bc6 33. Nc5 Bb5 34. Nb7 Bc6 35. Nc5 Rac8 36. Be2 Be8 37. Nb3 Rb8 38. Rc7+ Kf8 39. Rc3 Rg8+ 40. Kf1 Ng4 41. Rcd3 Ne3+ 0-1

[Event "Voronezh op-A 14th"]
[Site "Voronezh"]
[Date "2010.06.12"]
[Round "1"]
[White "Voitsekhovsky, Stanislav"]
[Black "Gubaydulin, Talgat"]
[Result "1/2-1/2"]
[WhiteElo "2531"]
[BlackElo "2298"]
[PlyCount "53"]
[EventDate "2010.06.12"]
[EventType "swiss"]
[EventRounds "9"]
[EventCountry "RUS"]
[SourceTitle "CBM 137 Extra"]
[Source "ChessBase"]
[SourceDate "2010.09.01"]
[SourceVersion "1"]
[SourceVersionDate "2010.09.01"]
[SourceQuality "1"]

1. e4 c5 2. Nf3 Nc6 3. c3 Nf6 4. e5 Nd5 5. d4 cxd4 6. Bc4 Nb6 7. Bb3 d5 8. exd6 Qxd6 9. 0-0 Be6 10. Na3 dxc3 11. Qe2 Bxb3 12. axb3 e6 13. Nb5 Qb8 14. Qe4 Nd5 15. bxc3 a6 16. Nbd4 Nf6 17. Qe2 Nxd4 18. Nxd4 Be7 19. c4 0-0 20. Nf5 exf5 21. Qxe7 Re8 22. Qc5 Ng4 23. g3 Ne5 24. Be3 Qc8 25. Rfd1 Qxc5 26. Bxc5 Rad8 27. Bb6 1/2-1/2

[Event "Nezhmetdinov Memorial 32nd"]
[Site "Kazan"]
[Date "2010.06.07"]
[Round "8"]
[White "Khazieva, Elza"]
[Black "Gubaydulin, Talgat"]
[Result "0-1"]
[WhiteElo "1796"]
[BlackElo "2298"]
[PlyCount "100"]
[EventDate "2010.05.31"]
[EventType "swiss"]
[EventRounds "9"]
[EventCountry "RUS"]
[SourceTitle "CBM 136 Extra"]
[Source "ChessBase"]
[SourceDate "2010.07.02"]
[SourceVersion "2"]
[SourceVersionDate "2010.07.15"]
[SourceQuality "1"]

1. e4 c5 2. c3 Nf6 3. e5 Nd5 4. Nf3 e6 5. d4 cxd4 6. cxd4 b6 7. Nc3 Nxc3 8. bxc3 Qc7 9. Bd2 d6 10. Bb5+ Bd7 11. Bxd7+ Nxd7 12. Qa4 Be7 13. 0-0 0-0 14. Rfe1 Rac8 15. Rac1 dxe5 16. Nxe5 Nxe5 17. Rxe5 Rfd8 18. h3 Qc6 19. Qb3 Bf6 20. Rb5 Qc4 21. Bf4 Rc6 22. Rb4 Qd5 23. Qa4 Qd7 24. Rc4 Rxc4 25. Qxc4 b5 26. Qb4 Rc8 27. Qa5 Bd8 28. Qa6 Rc4 29. Rb1 Rxc3 30. Qxb5 Qxb5 31. Rxb5 Bb6 32. d5 exd5 33. Rxd5 f6 34. Rd2 Kf7 35. Re2 Rd3 36. Be3 Bxe3 37. Rxe3 Rxe3 38. fxe3 Ke6 39. Kf2 Kd5 40. Kf3 Kc4 41. Kf4 Kb4 42. e4 Ka3 43. g4 Kxa2 44. g5 a5 45. gxf6 gxf6 46. Kf5 a4 47. Kxf6 Kb3 48. e5 a3 49. e6 a2 50. e7 a1Q+ 0-1

[Event "Nezhmetdinov Memorial 32nd"]
[Site "Kazan"]
[Date "2010.06.02"]
[Round "3"]
[White "Gubaydulin, Talgat"]
[Black "Shcherbakov, Ruslan"]
[Result "0-1"]
[WhiteElo "2298"]
[BlackElo "2516"]
[PlyCount "71"]
[EventDate "2010.05.31"]
[EventType "swiss"]
[EventRounds "9"]
[EventCountry "RUS"]
[SourceTitle "CBM 136 Extra"]
[Source "ChessBase"]
[SourceDate "2010.07.02"]
[SourceVersion "2"]
[SourceVersionDate "2010.07.15"]
[SourceQuality "1"]

1. e4 e5 2. Nf3 Nc6 3. Bb5 a6 4. Ba4 Nf6 5. 0-0 b5 6. Bb3 Bc5 7. a4 Rb8 8. c3 d6 9. d4 Bb6 10. axb5 axb5 11. Qd3 0-0 12. Bg5 h6 13. Bxf6 Qxf6 14. Qxb5 Na7 15. dxe5 Qxf3 16. Qxb6 Rxb6 17. gxf3 Bh3 18. Re1 Nc6 19. Bd5 Nxe5 20. Re3 Ng6 21. b4 c6 22. Bc4 c5 23. Bf1 Bxf1 24. Kxf1 Rfb8 25. Nd2 cxb4 26. Rb1 bxc3 27. Rxb6 Rxb6 28. Rxc3 Nf4 29. Rc1 g6 30. Nc4 Ra6 31. Rd1 Ra2 32. Nxd6 Nh3 33. Kg2 Nxf2 34. Rd4 Nxe4+ 35. Kh3 Ng5+ 36. Kg3 0-1

[Event "Nezhmetdinov Memorial 32nd"]
[Site "Kazan"]
[Date "2010.06.01"]
[Round "2"]
[White "Semenova, Anastasia"]
[Black "Gubaydulin, Talgat"]
[Result "0-1"]
[WhiteElo "1898"]
[BlackElo "2298"]
[PlyCount "80"]
[EventDate "2010.05.31"]
[EventType "swiss"]
[EventRounds "9"]
[EventCountry "RUS"]
[SourceTitle "CBM 136 Extra"]
[Source "ChessBase"]
[SourceDate "2010.07.02"]
[SourceVersion "2"]
[SourceVersionDate "2010.07.15"]
[SourceQuality "1"]

1. e4 g6 2. d4 Bg7 3. c3 d6 4. Bd3 Nf6 5. Ne2 0-0 6. 0-0 Nc6 7. h3 e5 8. f4 exd4 9. cxd4 Nb4 10. Na3 Nxd3 11. Qxd3 b6 12. Ng3 a5 13. Qf3 Ba6 14. Rd1 Bb7 15. f5 Nd7 16. Bf4 Qe7 17. Nb5 Nf6 18. Rac1 Rfc8 19. Rxc7 Rxc7 20. Bxd6 Qd7 21. Nxc7 Qxd6 22. Nxa8 Bxa8 23. fxg6 hxg6 24. Qe3 Qe6 25. e5 Nd5 26. Qg5 Ne7 27. Ne2 Kh7 28. Nf4 Qd7 29. Qh4+ Bh6 30. g4 g5 31. Nh5 Qc6 32. Nf6+ Kg7 33. Nh5+ Kf8 34. d5 Nxd5 35. Qg3 b5 36. e6 Nf4 37. e7+ Ke8 38. Nf6+ Qxf6 39. Rd8+ Kxe7 40. Rxa8 Ne2+ 0-1

[Event "Agzamov Memorial 04th"]
[Site "Tashkent"]
[Date "2010.03.29"]
[Round "7"]
[White "Vahidov, Tair"]
[Black "Gubaydulin, Talgat"]
[Result "1-0"]
[WhiteElo "2516"]
[BlackElo "2273"]
[PlyCount "73"]
[EventDate "2010.03.23"]
[EventType "swiss"]
[EventRounds "9"]
[EventCountry "UZB"]
[SourceTitle "CBM 135 Extra"]
[Source "ChessBase"]
[SourceDate "2010.05.04"]
[SourceVersion "1"]
[SourceVersionDate "2010.05.04"]
[SourceQuality "1"]

1. Nf3 d5 2. g3 Bg4 3. Bg2 Nd7 4. d4 Ngf6 5. 0-0 e6 6. Nbd2 Be7 7. Re1 c6 8. c3 h6 9. e4 dxe4 10. Nxe4 Nxe4 11. Rxe4 Bf5 12. Re1 0-0 13. h3 Re8 14. Bf4 Nf8 15. a4 Qb6 16. b3 a5 17. Ne5 Qd8 18. Nc4 Bh7 19. h4 Ng6 20. Bc1 Bf8 21. Be4 Ne7 22. Bxh7+ Kxh7 23. Ne5 Kg8 24. Qh5 g6 25. Qf3 f5 26. Ba3 Kg7 27. c4 Ng8 28. Bxf8+ Rxf8 29. Nd3 Rf6 30. Rad1 Qd6 31. Nf4 Re8 32. Re5 h5 33. Rde1 Re7 34. Qc3 Kf7 35. Rxa5 Nh6 36. Rae5 Ng4 37. f3 1-0

[Event "Voronezh op-A 13th"]
[Site "Voronezh"]
[Date "2009.06.14"]
[Round "3"]
[White "Chuprikov, Dmitry"]
[Black "Gubaydulin, Talgat"]
[Result "1/2-1/2"]
[WhiteElo "2414"]
[BlackElo "2265"]
[PlyCount "32"]
[EventDate "2009.06.12"]
[EventType "swiss"]
[EventRounds "9"]
[EventCountry "RUS"]
[SourceTitle "CBM 130 Extra"]
[Source "ChessBase"]
[SourceDate "2009.07.02"]
[SourceVersion "2"]
[SourceVersionDate "2009.07.15"]
[SourceQuality "1"]

1. d4 d5 2. c4 c6 3. Nf3 Nf6 4. e3 Bg4 5. h3 Bxf3 6. Qxf3 e6 7. Bd3 Nbd7 8. 0-0 Bd6 9. Nc3 0-0 10. Rd1 Qe7 11. Bd2 Rad8 12. Rac1 Rfe8 13. a3 e5 14. Bf1 dxc4 15. Bxc4 Bb8 16. Ba2 e4 1/2-1/2

[Event "Nezhmetdinov Memorial 31st"]
[Site "Kazan"]
[Date "2009.06.07"]
[Round "8"]
[White "Gubaydulin, Talgat"]
[Black "Afanasiev, Dmitry"]
[Result "1-0"]
[WhiteElo "2265"]
[BlackElo "1880"]
[PlyCount "105"]
[EventDate "2009.05.31"]
[EventType "swiss"]
[EventRounds "9"]
[EventCountry "RUS"]
[SourceTitle "CBM 130 Extra"]
[Source "ChessBase"]
[SourceDate "2009.07.02"]
[SourceVersion "2"]
[SourceVersionDate "2009.07.15"]
[SourceQuality "1"]

1. d4 d5 2. c4 e6 3. Nc3 c6 4. Nf3 Nf6 5. e3 Nbd7 6. Qc2 Bd6 7. b3 0-0 8. Be2 Re8 9. 0-0 a6 10. e4 dxe4 11. Nxe4 Nxe4 12. Qxe4 e5 13. dxe5 Nxe5 14. Bb2 Nxf3+ 15. Qxf3 Qc7 16. h3 Be5 17. Bxe5 Qxe5 18. Bd3 Be6 19. Rfe1 Qc5 20. Re3 Re7 21. Rae1 Rae8 22. Re5 Qd6 23. c5 Qd4 24. Bc4 g6 25. Qg3 Qd7 26. Qe3 Kf8 27. Qh6+ Kg8 28. Qe3 Kf8 29. Qh6+ Kg8 30. Qh4 Kg7 31. R5e3 f6 32. Qe4 Kf7 33. Qh4 Kg7 34. Qe4 Kf7 35. Rd3 Qc7 36. Bxe6+ Rxe6 37. Qc4 f5 38. Rd6 Qc8 39. g4 Kf6 40. Qd4+ Kf7 41. Qc4 Kf6 42. g5+ Kf7 43. f4 R8e7 44. Re5 Qe8 45. Kf2 Qc8 46. Ke3 Qe8 47. b4 Qc8 48. Rexe6 Rxe6+ 49. Qxe6+ Qxe6+ 50. Rxe6 Kxe6 51. Kd4 Kd7 52. Ke5 Ke7 53. h4 1-0

[Event "Nezhmetdinov Memorial 31st"]
[Site "Kazan"]
[Date "2009.06.06"]
[Round "7"]
[White "Krylov, Mikhail"]
[Black "Gubaydulin, Talgat"]
[Result "1-0"]
[WhiteElo "2482"]
[BlackElo "2265"]
[PlyCount "74"]
[EventDate "2009.05.31"]
[EventType "swiss"]
[EventRounds "9"]
[EventCountry "RUS"]
[SourceTitle "CBM 130 Extra"]
[Source "ChessBase"]
[SourceDate "2009.07.02"]
[SourceVersion "2"]
[SourceVersionDate "2009.07.15"]
[SourceQuality "1"]

1. d4 d5 2. c4 c6 3. Nf3 Nf6 4. Nc3 e6 5. e3 Nbd7 6. Bd3 dxc4 7. Bxc4 b5 8. Bd3 a6 9. e4 c5 10. d5 Qc7 11. 0-0 c4 12. dxe6 fxe6 13. Bc2 Bc5 14. e5 Nxe5 15. Bf4 Nxf3+ 16. Qxf3 Qa7 17. Ne4 Bb7 18. Nxf6+ gxf6 19. Qh5+ Ke7 20. Rae1 Qb6 21. Rxe6+ Qxe6 22. Qxc5+ Kf7 23. Qh5+ Kg8 24. Bf5 Qc6 25. Qg4+ Kf7 26. Re1 Qxg2+ 27. Qxg2 Bxg2 28. Be6+ Kg6 29. Kxg2 Rhe8 30. Kf3 Kg7 31. Bd2 Rad8 32. Bc3 Rd6 33. Rg1+ Kh6 34. Bf5 Rd5 35. Be4 Rd6 36. Rg3 Ree6 37. Rg8 Re7 1-0

[Event "Nezhmetdinov Memorial 31st"]
[Site "Kazan"]
[Date "2009.06.04"]
[Round "5"]
[White "Frolov, Artiom"]
[Black "Gubaydulin, Talgat"]
[Result "1/2-1/2"]
[WhiteElo "2435"]
[BlackElo "2265"]
[PlyCount "48"]
[EventDate "2009.05.31"]
[EventType "swiss"]
[EventRounds "9"]
[EventCountry "RUS"]
[SourceTitle "CBM 130 Extra"]
[Source "ChessBase"]
[SourceDate "2009.07.02"]
[SourceVersion "2"]
[SourceVersionDate "2009.07.15"]
[SourceQuality "1"]

1. e4 c5 2. Nf3 Nc6 3. Nc3 g6 4. d4 cxd4 5. Nxd4 Bg7 6. Be3 Nf6 7. Nxc6 bxc6 8. e5 Ng8 9. f4 Nh6 10. Be2 0-0 11. 0-0 Nf5 12. Bf2 d6 13. exd6 exd6 14. Qd2 Re8 15. Bf3 d5 16. Rfe1 Be6 17. Na4 Qc7 18. Rab1 Nd6 19. Nc5 Nc4 20. Qc1 Bf5 21. Rxe8+ Rxe8 22. b3 Nd6 23. Qd2 Nb5 24. Na4 h5 1/2-1/2